Duran y la marina en el Raid Palos Buenos Aires / por José Cebrián Saura ; con un prólogo de José Pemán y Pemartín
Descripción Física:
XXIII, 188 p., [1] f., [1] làm. ; 19 cm
Otros Autores:
Pemán y Pemartín, José, pr
Materias:
Aviació -- Espanya -- Història
MARC
| LEADER | 00000nam a2200000Ia 4500 | ||
|---|---|---|---|
| 001 | 655 | ||
| 008 | 160829s1929 xx 000 0 cat d | ||
| 080 | |a M-3-21 | ||
| 100 | |a Cebrian Saura, José |9 28973 | ||
| 245 | |a Duran y la marina en el Raid Palos Buenos Aires / por José Cebrián Saura ; con un prólogo de José Pemán y Pemartín | ||
| 260 | |a Cádiz : |b (Tip. Salvador Repete), |c 1929 | ||
| 300 | |a XXIII, 188 p., [1] f., [1] làm. ; |c 19 cm | ||
| 650 | |a Aviació |x Espanya |x Història |9 28974 | ||
| 700 | |a Pemán y Pemartín, José, pr. |9 28975 | ||
| 901 | |a Arxiu | ||
| 942 | |n 1 | ||
| 952 | |0 0 |1 0 |4 0 |6 M321 |7 1 |9 44993 |a Arxiu |b Arxiu |d 2016-12-01 |l 0 |o M-3-21 |p 655 |r 2016-12-01 00:00:00 |w 2016-12-01 |y ARXIU | ||
| 999 | |c 47597 |d 47597 | ||